|
|
|
|
| LEADER |
00000nab#a22000007a#4500 |
| 001 |
arbauad046173 |
| 003 |
AR-BaUAD |
| 005 |
20250711113542.0 |
| 008 |
000830|||||||||###||||||b###|0###a|spa|| |
| 040 |
|
|
|a AR-BaUAD
|c AR-BaUAD
|b spa
|
| 100 |
|
|
|a Romney, Jonathan
|
| 245 |
|
|
|a Distributor wanted /
|c Jonathan Romney; Robert Horton;
|
| 300 |
0 |
|
|b fot.
|
| 653 |
|
|
|a CINE
|
| 653 |
|
|
|a DIRECTORES DE CINE
|
| 653 |
|
|
|a CRITICAS
|
| 653 |
|
|
|a LARGOMETRAJES
|
| 653 |
|
|
|a REINO UNIDO
|
| 653 |
|
|
|a COX, ALEX
|
| 653 |
|
|
|a ESTADOS UNIDOS
|
| 653 |
|
|
|a WILLIAMS, DAVID E.
|
| 700 |
1 |
|
|a Horton, Robert
|
| 773 |
0 |
|
|t FILM COMMENT
|g Nº3 [mayo-jun. 2000], p. 18-20
|
| 942 |
|
|
|c ARTI
|
| 952 |
|
|
|0 0
|1 0
|4 0
|7 0
|9 91092
|a AR-BAuAD
|b AR-BAuAD
|d 2025-07-11
|l 0
|p AAQA046173
|r 2025-07-11 11:35:42
|w 2025-07-11
|y ARTI
|
| 990 |
|
|
|a C200
|b TD
|
| 998 |
|
|
|a AAQ
|b BIBUN76
|
| 999 |
|
|
|c 70765
|d 70765
|